| 000 | 00384nam a22001577a 4500 | ||
|---|---|---|---|
| 003 | OSt | ||
| 005 | 20211013092845.0 | ||
| 008 | 211013b |||||||| |||| 00| 0 eng d | ||
| 020 | _a0314147091 | ||
| 040 |
_aHU _cDDC |
||
| 082 | _a344.73011/EMP | ||
| 245 | _aEmployment discrimination law | ||
| 260 |
_aUSA _bThomson & west _c2004 |
||
| 300 | _alxi,1008p,32cm | ||
| 942 |
_2ddc _cBOOKS _n0 |
||
| 999 |
_c12230 _d12230 |
||